书目信息 |
| 题名: |
出版物标点符号规范用法
|
|
| 作者: | 杨权 编著 | |
| 分册: | ||
| 出版信息: | 广州 广东人民出版社 1999.09 |
|
| 页数: | 12,334页 | |
| 开本: | 21cm | |
| 丛书名: | ||
| 单 册: | ||
| 中图分类: | H155-44 | |
| 科图分类: | ||
| 主题词: | 汉语--han yu--标点符号--问答 , 汉语--han yu | |
| 电子资源: | ||
| ISBN: | 7-218-03101-3 | |
| 000 | 00948nam0 2200265 450 | |
| 001 | 012008168784 | |
| 005 | 20080425152316.43 | |
| 010 | @a7-218-03101-3@dCNY16.00 | |
| 100 | @a20080425d1999 km y0chiy0120 ea | |
| 101 | 0 | @achi |
| 102 | @aCN@b440000 | |
| 105 | @ay a 000yy | |
| 106 | @ar | |
| 200 | 1 | @a出版物标点符号规范用法@Achu ban wu biao dian fu hao gui fan yong fa@e阐释最新国家标准@f杨权编著@Fyang quan bian zhu |
| 210 | @a广州@c广东人民出版社@d1999.09 | |
| 215 | @a12,334页@d21cm | |
| 320 | @a有书目 ( 第333-334页 )。 | |
| 330 | @a本书以中华人民共和国国家标准《标点符号用法》(GB/T15834-1995)为依据,对出版物标点符号规范用法的各种问题作了简要、准确的阐述。 | |
| 517 | 1 | @a阐释最新国家标准@Achan shi zui xin guo jia biao zhun |
| 606 | 0 | @a汉语@Ahan yu@x标点符号@j问答 |
| 606 | 0 | @a汉语@Ahan yu |
| 690 | @aH155-44@v4 | |
| 701 | 0 | @a杨权@Ayang quan@4编著 |
| 801 | 0 | @aCN@bQSSK@c20080425 |
| 905 | @b20705164-66@dH155-44@eY245@f3 | |
| 出版物标点符号规范用法:阐释最新国家标准/杨权编著.-广州:广东人民出版社,1999.09 |
| 12,334页;21cm |
| ISBN 7-218-03101-3:CNY16.00 |
| 本书以中华人民共和国国家标准《标点符号用法》(GB/T15834-1995)为依据,对出版物标点符号规范用法的各种问题作了简要、准确的阐述。 |
| ● |
| 相关链接 |
|
|
|
正题名:出版物标点符号规范用法
索取号:H155-44/Y245
 
预约/预借
| 序号 | 登录号 | 条形码 | 馆藏地/架位号 | 状态 | 备注 |
| 1 | 705164 | 207051642 | 语言库209/209语言库 76排3列6层/ [索取号:H155-44/Y245] | 在馆 | |
| 2 | 705165 | 207051651 | 语言库209/209语言库 76排3列6层/ [索取号:H155-44/Y245] | 在馆 | |
| 3 | 705166 | 207051660 | 语言库209/209语言库 76排3列6层/ [索取号:H155-44/Y245] | 在馆 |